Modeling and Simulation in Economics: Volume II 2025 (Record no. 8541)

MARC details
000 -LEADER
fixed length control field 00362nam a2200133Ia 4500
008 - FIXED-LENGTH DATA ELEMENTS--GENERAL INFORMATION
fixed length control field 260604s9999 xx 000 0 und d
020 ## - INTERNATIONAL STANDARD BOOK NUMBER
International Standard Book Number 9781639879236
082 ## - DEWEY DECIMAL CLASSIFICATION NUMBER
Classification number 330 BOU
100 ## - MAIN ENTRY--PERSONAL NAME
Personal name Eve boulonne
9 (RLIN) 35699
245 #0 - TITLE STATEMENT
Title Modeling and Simulation in Economics: Volume II 2025
260 ## - PUBLICATION, DISTRIBUTION, ETC.
Name of publisher, distributor, etc. Murphy & Moore Publishing
500 ## - GENERAL NOTE
General note Economy, Simulation
942 ## - ADDED ENTRY ELEMENTS (KOHA)
Koha item type Book
Holdings
Date last seen Total Checkouts Full call number Barcode Cost, replacement price Price effective from Koha item type Lost status Damaged status Not for loan Withdrawn status Home library Current library Shelving location Date acquired Cost, normal purchase price BOOK NO
06/04/2026   330 BOU 004159 13425.00 06/04/2026 Book         Indian Institute of Management Visakhapatnam Indian Institute of Management Visakhapatnam   06/04/2026 13425.00 BOU

Copyright © 2024 Indian Institute of Management Visakhapatnam
Koha v23.05